| 000 | 01555cam a22004217a 4500 | ||
|---|---|---|---|
| 001 | 000092875 | ||
| 003 | CHAP | ||
| 005 | 20220329142908.0 | ||
| 008 | 050119d2004 mx a r 00110 spa d | ||
| 010 | _a89341 | ||
| 011 | _a90313 | ||
| 035 | _a100869 | ||
| 040 | _cCHAP | ||
| 090 | _aTesis | ||
| 100 | 0 | 0 |
_aGonzález Juárez, Rodrígo. _949085 |
| 245 | 1 | 3 |
_aLa producción de ajo (Allium stivum L.) variedad taiwan en el municipio Santiago Maravatio, Guanajuato : _bformulación y evaluación de proyectos / _c/por Rodrígo González Juárez. |
| 260 |
_aChapingo, Méx. : _bEl autor, _c2004. |
||
| 300 |
_a87 h. : _bilus. |
||
| 502 | _aTesis (Ing. Agr. Esp. en Fitotecnia) -- UACH. Departamento de Fitotecnia | ||
| 590 |
_aALEPH _b10 _c20130110 _lUCH01 _h1503 |
||
| 590 |
_aBATCH-UPD _b10 _c20130110 _lUCH01 _h0532 |
||
| 590 |
_aBATCH-UPD _b10 _c20130410 _lUCH01 _h0212 |
||
| 590 |
_aBATCH-UPD _b10 _c20130913 _lUCH01 _h2338 |
||
| 590 |
_aBATCH-UPD _b10 _c20140324 _lUCH01 _h1448 |
||
| 590 |
_aBATCH-UPD _b10 _c20141002 _lUCH01 _h0824 |
||
| 590 |
_aCONVERSION _b10 _c20130109 _lUCH01 _h1349 |
||
| 590 |
_aE792CSJ _b10 _c20130626 _lUCH01 _h0849 |
||
| 650 | 1 | 4 |
_aAjo _xGuanajuato. _93193 |
| 650 | 1 | 4 |
_aAjo _xRendimiento. _93210 |
| 650 | 1 | 4 |
_aAjo _xVariedades. _93217 |
| 856 |
_3Finding aid _uhttp://10.13.5.2/tesis/100869.pdf _zTeclea aquí |
||
| 901 | _aBK | ||
| 905 | _aAlejandra Carrasco M. | ||
| 942 | _cCD | ||
| 942 | _n0 | ||
| 949 |
_aTesis _bBC _cTES _d1008691 _eTS1 _h42770 _i100869 _sb |
||
| 949 |
_aTesis _bBC _cTES _d33724000944500 _eTS2 _fc.2 _h42771 _i100869 _si |
||
| 999 |
_c89341 _d89341 |
||